| 000 | 01451nam a2200277 a 4500 | ||
|---|---|---|---|
| 001 | 001137453 | ||
| 003 | AM-YEHGA | ||
| 005 | 20250617163829.0 | ||
| 008 | 160325s1961 ru ad|||r|||||001|0|rus|d | ||
| 040 | _aAM-YeHGA | ||
| 041 | 0 | _arus | |
| 245 | 0 | 0 |
_aЭтиология, иммунология и клиника Азиатского гриппа : _bСборник трудов посвящен 60-летию члена-корреспондента АМН СССР проф. А.А. Смородинцева / _c[Под ред. док. мед. наук проф. А.И. Дробышевской]. |
| 260 |
_aЛ. : _bТип. ЛГУ им. А.А. Жданова, _c1961. |
||
| 300 |
_a274 с. : _b1 вкл. л. портр., ил., 7 вкл. л. ил., табл. ; _c22 см. |
||
| 490 | 1 | _aТруды института экспериментальной медицины АМН СССР | |
| 504 | _aБиблиогр. в конце работ | ||
| 600 | 1 | 4 | _aСмородинцев, А.А. |
| 650 | 1 | 4 | _aРазные лихорадочные инфекции |
| 650 | 1 | 4 | _aВирусный грипп |
| 650 | 1 | 4 | _aГрипп |
| 653 | 0 | _aОстрые распираторные заболевания | |
| 653 | 0 | _aАзиатский грипп | |
| 700 | 1 |
_aДробышевская, А.И. _eред. _4edt |
|
| 830 | 0 | _aТруды института экспериментальной медицины АМН СССР | |
| 090 | _c516910 | ||
| 999 |
_c513395 _d513395 |
||